Leo the late bloomer / (Record no. 4767)

MARC details
000 -LEADER
fixed length control field 00892nam a22003017a 4500
001 - CONTROL NUMBER
control field 4767
003 - CONTROL NUMBER IDENTIFIER
control field FISKH
005 - DATE AND TIME OF LATEST TRANSACTION
control field 20250707112505.0
008 - FIXED-LENGTH DATA ELEMENTS--GENERAL INFORMATION
fixed length control field 241009b cb ||||| |||| 00| 0 eng d
020 ## - INTERNATIONAL STANDARD BOOK NUMBER
International Standard Book Number 0590622706
040 ## - CATALOGING SOURCE
Original cataloging agency FISKH
Language of cataloging eng
Transcribing agency FISKH
Modifying agency FISKH
050 ## - LIBRARY OF CONGRESS CALL NUMBER
Classification number PZ10.K869
082 ## - DEWEY DECIMAL CLASSIFICATION NUMBER
Classification number 818
100 ## - MAIN ENTRY--PERSONAL NAME
Personal name Kraus, Robert
Dates associated with a name (1925–2001)
245 ## - TITLE STATEMENT
Title Leo the late bloomer /
Statement of responsibility, etc. By Robert Kraus / Pictures by Jose Aruego
250 ## - EDITION STATEMENT
Edition statement Printed in 1971
260 ## - PUBLICATION, DISTRIBUTION, ETC.
Place of publication, distribution, etc. New York :
Name of publisher, distributor, etc. Scholastic,
Date of publication, distribution, etc. 1971.
300 ## - PHYSICAL DESCRIPTION
Extent 28 pages :
Other physical details Color illustration ;
Dimensions 27 cm
505 ## - FORMATTED CONTENTS NOTE
Formatted contents note C<br/>
520 ## - SUMMARY, ETC.
Summary, etc. Leo, a young tiger, finally blooms under the anxious eyes of his parents.
521 8# - TARGET AUDIENCE NOTE
Target audience note 120L<br/>
Source Lexile<br/>
521 8# - TARGET AUDIENCE NOTE
Target audience note C<br/>
Source Raz-Plus<br/>
650 ## - SUBJECT ADDED ENTRY--TOPICAL TERM
Source of heading or term Feelings
Topical term or geographic name entry element Animals
Form subdivision Growing
650 ## - SUBJECT ADDED ENTRY--TOPICAL TERM
Source of heading or term Patience
Topical term or geographic name entry element Growing up
700 ## - ADDED ENTRY--PERSONAL NAME
Personal name Aruego, Jose
Dates associated with a name Illustrator
942 ## - ADDED ENTRY ELEMENTS (KOHA)
Source of classification or shelving scheme Dewey Decimal Classification
Koha item type Books
Suppress in OPAC No
Holdings
Withdrawn status Lost status Source of classification or shelving scheme Damaged status Not for loan Collection Home library Current library Shelving location Date acquired Total Checkouts Full call number Barcode Date last seen Copy number Price effective from Koha item type Date last checked out
    Dewey Decimal Classification     Fiction Footprints International School Library Network Toul Kork Campus Footprints International School Library Network Toul Kork Campus TK Primary Library Room(4th Floor), Bookcase 7, Shelves 57-60, Dark Green Books 10/09/2024   KRU 818 PZ10.K869 2024-2111 10/09/2024 1 10/09/2024 Books  
    Dewey Decimal Classification     Juvenile Fiction Footprints International School Library Network Toul Kork Campus Footprints International School Library Network Toul Kork Campus TK Primary Library Room(4th Floor), Bookcase 7, Shelves 57-60, Dark Green Books 07/07/2025 1 KRU 818 PZ10.K869 FISBK06255 03/12/2026 2 07/07/2025 Books 01/14/2026
    Dewey Decimal Classification     Juvenile Fiction Footprints International School Library Network Toul Tom Poung Campus Footprints International School Library Network Toul Tom Poung Campus TTP Primary Green Bookshelves 09/11/2025   KRU 818 PZ10.K869 FIS02504 09/11/2025 3 09/11/2025 Books